Revised working plan for the forests of Porahat Division for the period 1953-54 to 1962-63. (Record no. 88749)
[ view plain ]
| 000 -LEADER | |
|---|---|
| fixed length control field | 00820cam a22002171 4500 |
| 001 - CONTROL NUMBER | |
| control field | sa 68018978 |
| 003 - CONTROL NUMBER IDENTIFIER | |
| control field | DLC |
| 005 - DATE AND TIME OF LATEST TRANSACTION | |
| control field | 20260227112716.0 |
| 008 - FIXED-LENGTH DATA ELEMENTS--GENERAL INFORMATION | |
| fixed length control field | 901011s1961 ii a 000 0 eng |
| 010 ## - LIBRARY OF CONGRESS CONTROL NUMBER | |
| LC control number | sa 68018978 |
| 020 ## - INTERNATIONAL STANDARD BOOK NUMBER | |
| Terms of availability | Rs10.00 |
| 040 ## - CATALOGING SOURCE | |
| Original cataloging agency | DLC |
| Transcribing agency | DLC |
| Modifying agency | DLC |
| 050 00 - LIBRARY OF CONGRESS CALL NUMBER | |
| Classification number | SD431.5 |
| Item number | .B54 |
| 110 1# - MAIN ENTRY--CORPORATE NAME | |
| Corporate name or jurisdiction name as entry element | Bihar (India). |
| Subordinate unit | Forest Department. |
| -- | Working Plans Division. |
| -- | Southern Circle. |
| 245 10 - TITLE STATEMENT | |
| Title | Revised working plan for the forests of Porahat Division for the period 1953-54 to 1962-63. |
| Statement of responsibility, etc. | Prepared by J.N. Sinha, Working Plans Officer, Southern Circle, Bihar. |
| 260 ## - PUBLICATION, DISTRIBUTION, ETC. | |
| Place of publication, distribution, etc. | Patna, |
| Name of publisher, distributor, etc. | Printed by the Superintendent, Secretariat Press, Bihar, |
| Date of publication, distribution, etc. | 1961. |
| 300 ## - PHYSICAL DESCRIPTION | |
| Extent | xii, 367 p. |
| Other physical details | illus. |
| Dimensions | 25 cm. |
| 500 ## - GENERAL NOTE | |
| General note | Cover title. |
| 650 #0 - SUBJECT ADDED ENTRY--TOPICAL TERM | |
| Topical term or geographic name entry element | Forest management |
| Geographic subdivision | India |
| -- | Bihar. |
| 700 1# - ADDED ENTRY--PERSONAL NAME | |
| Personal name | Sinha, Jogendra Nath, |
| Dates associated with a name | 1903- |
No items available.